Enciclopedia del cuerpo humano / (Record no. 160979)

MARC details
000 -CABECERA
campo de control de longitud fija 00692nam a2200217 u 4500
005 - FECHA Y HORA DE LA ÚLTIMA TRANSACCIÓN
campo de control 20210223131951.0
008 - ELEMENTOS DE LONGITUD FIJA--INFORMACIÓN GENERAL
campo de control de longitud fija 121122s2000 es r 000 0 spa d
020 ## - NÚMERO INTERNACIONAL NORMALIZADO PARA LIBROS
Número Internacional Estándar del Libro 8430595503
035 ## - NÚMERO DE CONTROL DEL SISTEMA
Número de control de sistema UPN01000188876
049 ## - COLECCIÓN
Colección I
050 #4 - SIGNATURA TOPOGRÁFICA DE LA BIBLIOTECA DEL CONGRESO
Número de clasificación QM33
Número de documento/Ítem W3.4
100 1# - ASIENTO PRINCIPAL--NOMBRE PERSONAL
Nombre de persona Walker, Richard,
Fechas asociadas al nombre 1951-
9 (RLIN) 33823
245 10 - MENCIÓN DE TÍTULO
Título Enciclopedia del cuerpo humano /
Mención de responsabilidad, etc. Richard Walker ; tr. Pilar Tutor.
260 ## - PUBLICACIÓN, DISTRIBUCIÓN, ETC.
Lugar de publicación, distribución, etc. Madrid :
Nombre del editor, distribuidor, etc. Susaeta,
Fecha de publicación, distribución, etc. [2000?].
300 ## - DESCRIPCIÓN FÍSICA
Extensión 112 p. :
Otras características físicas il. col.
534 ## - NOTA SOBRE LA VERSIÓN ORIGINAL
Frase introductoria Título original:
Mención de título del original First encyclopedia of the human body
650 #4 - ASIENTO SECUNDARIO DE MATERIA - TERMINO TEMATICO
Término de materia o nombre geográfico como elemento de entrada ANATOMIA HUMANA -
Subdivisión de forma ENCICLOPEDIAS
9 (RLIN) 14781
650 #4 - ASIENTO SECUNDARIO DE MATERIA - TERMINO TEMATICO
Término de materia o nombre geográfico como elemento de entrada ANATOMIA HUMANA -
Subdivisión de forma LITERATURA INFANTIL
9 (RLIN) 577
905 ## - TIPO DE MATERIAL
Tipo de material Infantil
Holdings
Estado de retiro Estado de pérdida Fuente del sistema de clasificación o colocación Estado dañado No para préstamo Código de colección Localización permanente Ubicación/localización actual Ubicación en estantería Fecha de adquisición Total de préstamos Clasificación Código de barras Fecha visto por última vez Fecha del último préstamo Número de copia Tipo de ítem Koha
    Library of Congress Classification     Infantil Bib. Gregorio Torres Quintero Bib. Gregorio Torres Quintero Sala infantil Planta baja 10/05/2023 1 QM33 W3.4 256805 29/11/2024 27/11/2024 1 Libro